Elegía sin nombre y otros poemas 7

保存先:
書誌詳細
第一著者: Ballagas, Emilio 1908-1954
フォーマット: 不明
言語:Spanish
出版事項: La Habana, Cuba: Letras Cubanas, 1981
シリーズ:Mínima 33
主題:
タグ: タグ追加
タグなし, このレコードへの初めてのタグを付けませんか!

MARC

LEADER 000000000a22000000004500
001 000979
008 170621s1981 cu ||||| |||| 00| p spa d
041 0 |a español 
082 |a Cu861.4  |b B195e 
100 1 |a Ballagas, Emilio  |d 1908-1954 
245 1 0 |a Elegía sin nombre y otros poemas 7  |c Emilio Ballagas 
260 |a La Habana, Cuba:   |b Letras Cubanas,   |c 1981 
300 |a 50 páginas 
490 1 |a Mínima  |v 33 
500 |a Número de inscripción 12591 (Colección George Yúdice) 
650 1 4 |a LITERATURA CUBANA  |v POESIA 
942 |2 ddc  |c BK 
999 |c 2106  |d 2106